Tranqui /
¿Es un viaje? ¿Un sueño? ¿O la chispa de un pensamiento creador? Movimientos sutiles y dimensiones superpuestas. Ver, pensar y sentir a través de este relato no lineal que también es la realidad.
Guardado en:
| Autor Principal: | |
|---|---|
| Formato: | Libro |
| Idioma: | Undetermined |
| Publicado: |
Bahía Blanca :
Cabeza Hueca,
2021.
|
| Series: | Corazón de piedra ;
2 |
| Materias: | |
| Etiquetas: |
Agregar Etiqueta
Sin Etiquetas, Sea el primero en etiquetar este registro!
|
| LEADER | 00807nam a22002055a 4500 | ||
|---|---|---|---|
| 001 | CEM.cems020073 | ||
| 008 | 230508s2021####ag############000#0#und#d | ||
| 005 | 20240807172228.0 | ||
| 245 | 1 | 0 | |a Tranqui / |c Diego Cinalli. |
| 260 | |a Bahía Blanca : |b Cabeza Hueca, |c 2021. | ||
| 300 | |a 16 p. : |b + filmina transparente con rayas. | ||
| 490 | 1 | |a Corazón de piedra ; |v 2 | |
| 520 | |a ¿Es un viaje? ¿Un sueño? ¿O la chispa de un pensamiento creador? Movimientos sutiles y dimensiones superpuestas. Ver, pensar y sentir a través de este relato no lineal que también es la realidad. | ||
| 020 | |a 9789874796806 | ||
| 100 | 1 | |a Cinalli, Diego. | |
| 653 | |a Literatura | ||
| 653 | |a Literatura Infantil | ||
| 653 | |a Libro albúm | ||
| 653 | |a Historieta | ||
| 859 | |a CEMS |b BIB. CEMS - 11 de abril |h A868.4 |i C490-3 |p 29432.23 |t Ej.1 | ||
